Statistics for 100 World Monuments by Picture

Click here to take the quiz!

General Stats

  • This quiz has been taken 813 times
  • The average score is 42 of 100

Answer Stats

Answer % Correct
Eiffel Tower
97%
Statue of Liberty
97%
Big Ben
95%
Taj Mahal
95%
Great Wall of China
94%
Great Pyramid of Giza
93%
Colosseum
93%
Machu Picchu
88%
Golden Gate Bridge
88%
Stonehenge
87%
Leaning Tower of Pisa
87%
Niagara Falls
87%
Empire State Building
85%
{Sydney} Harbor Bridge
85%
White House
81%
Mount Fuji
76%
Grand Canyon
76%
Great Sphinx of Giza
75%
Louvre
75%
Sydney Opera House
73%
London Eye
69%
CN Tower
68%
Notre Dame
65%
Angkor Wat
65%
{St. Peters} Basilica
64%
Little Mermaid
63%
Tower Bridge
63%
Parthenon
60%
Burj Khalifa
60%
Christ the Redeemer
59%
{St. Basil's} Cathedral
59%
Mount Rushmore
59%
Mount Everest
56%
Uluru
56%
Petronas Towers
54%
Petra
53%
Brandenburg Gate
50%
Pantheon
50%
Angel Falls
49%
{Trevi} Fountain
49%
Mount Kilimanjaro
48%
Hagia Sophia
47%
Victoria Falls
47%
Space Needle
46%
Matterhorn
46%
Forbidden City
45%
Wailing Wall
45%
Sagrada Familia
45%
Dome of the Rock
43%
{Table} Mountain
41%
White Cliffs
39%
Kremlin
39%
Arc de Triomphe
38%
Disney World
36%
Chichen Itza
36%
Panama Canal
34%
Gateway Arch
31%
Blue Mosque
30%
Kaaba
29%
Tokyo Tower
29%
Berlin Wall
28%
Guggenheim Museum
28%
Atomium
27%
{Milan} Cathedral
27%
Terracotta Warriors
24%
Mont St. Michel
23%
Neuschwanstein
23%
Hermitage Museum
22%
{Moai} Statues
22%
Loch Ness
22%
{Burj al Arab} Hotel
21%
{Charles} Bridge
20%
Iguazu Falls
20%
Taipei 101
19%
The Shard
19%
Versailles
18%
Alhambra
17%
Golden Temple
17%
Nazca Lines
16%
Lotus Temple
14%
Great Buddha
14%
{Shanghai} Tower
14%
Abu Simbel
11%
Marina Bay Sands
11%
Chernobyl
11%
Three Gorges Dam
10%
Rock of Gibraltar
9%
{Kuwait} City Towers
9%
{Millau} Viaduct
7%
Potala Palace
7%
Skytower
6%
Chain Bridge
6%
Borobudur
5%
Piazza San Marco
3%
{Darvaza} Gas Crater
2%
{Itsukushima} Shrine
2%
Church of {Saint Sava}
2%
Shibuya Center
1%
Aswan High Dam
1%
Wat Pho
1%

Score Distribution

Percentile by Number Answered

Percent of People with Each Score

Your Score History

You have not taken this quiz